| 000 | 00776nam a2200205Ia 4500 | ||
|---|---|---|---|
| 008 | 140321s9999 xx 000 0 und d | ||
| 020 | _a9781848729605 | ||
| 050 |
_aHD 60 _b.Us85 2013 |
||
| 245 |
_aUsing industrial-organizational psychology for the greater good : _bhelping those who help others / _cedited by : Julie Olson-Buchanan, Laura Koppes Bryan and Lori Foster Thompson. |
||
| 260 |
_aNew York : _bBrunner-Routledge, _cc2013. |
||
| 300 |
_a597 p. : _c24 cm. |
||
| 440 | _a(SIOP organizational frontiers series). | ||
| 500 | _aIncludes bibliographical references and indexes. | ||
| 521 | _aPSYCH | ||
| 650 | _aOrganizational behavior. | ||
| 650 | _aPsychology, idustrial. | ||
| 650 | _aSocial responsibility of business. | ||
| 942 |
_kFOR _cBK |
||
| 999 |
_c48702 _d48702 |
||